Statystyki dla Podróż po świecie-quiz geopolityczny#3

Kliknij tutaj aby rozwiązać quiz!

Ogólne statystyki

  • Ten quiz został rozwiązany 133 razy
  • Średni wynik to 14 z 15

Statystyki odpowiedzi

KierunekPanstwo% Poprawnych
Zaczynasz w Kazachstanie północRosja
99%
ZachódBiałoruś
98%
ZachódPolska
98%
Południowy wschódSłowacja
98%
PołudnieWęgry
98%
PołudnieGrecja
97%
ZachódSerbia
97%
WschódTurcja
96%
Południowy wschódRumunia
95%
PołudnieMacedonia Północna
94%
PołudnieSyria
92%
PoludnieIzrael
91%
ZachódEgipt
89%
PoludnieLiban
80%
Południowy zachodCzad
76%

Rozkład punktacji

Percentyl według liczby udzielonych odpowiedzi

Procent ludzi z każdym wynikiem

Twoja historia wyników

Nie rozwiązałeś tego quizu